Most Common Used Fonts - Statistics

General Stats
  • This quiz has been taken 300 times
  • The average score is 4 of 20
Answer Stats
Font name % Correct
Times New Roman
93%
Arial
85%
Comic Sans MS
70%
Verdana
31%
Georgia
25%
Impact
19%
Tahoma
19%
Courier New
14%
Trebuchet MS
12%
Lucida Sans
4%
Palatino Linotype
3%
Lucida Sans Unicode
2%
MV Boli
2%
Franklin Gothic Medium
1%
Gautami
1%
Lucida Console
1%
Microsoft Sans Serif
1%
Sylfaen
1%
Estrangelo Edessa
0%
Tunga
0%
No matching quizzes found
Score Distribution
Percent of People with Each Score
Percentile by Number Answered
Your Score History
You have not taken this quiz